El sentido social del gusto: elementos para una sociología de la cultura

Uloženo v:
Podrobná bibliografie
Hlavní autor: Bourdieu, Pierre
Médium: Kniha
Jazyk:španělština
Vydáno: Buenos Aires, Argentina Siglo XXI 2010
Témata:
Tagy: Přidat tag
Žádné tagy, Buďte první, kdo vytvoří štítek k tomuto záznamu!

MARC

LEADER 00000nam a2200000 a 4500
001 UCG1950
003 CL-VaPUC
005 20250109133228.0
008 100531e20100000AG |||||||||||||||||spa|d
999 |c 341197  |d 341195 
020 |a 9789876291231 
040 |c Pontificia Universidad Católica de Valparaíso 
082 0 4 |a 306 BOU 2010  |2 21 
100 0 |a Bourdieu, Pierre  |9 308635 
245 1 3 |a El sentido social del gusto: elementos para una sociología de la cultura 
260 0 3 |a Buenos Aires, Argentina  |b Siglo XXI  |c 2010 
300 |a 282 páginas 
583 |a last modification  |c 20100531 00:00:00  |k Rodrigo Vera 
650 0 |a Sociología de la cultura   |9 318280 
650 0 |a Aspectos sociales  |9 254894 
650 0 |a Cultura  |9 269059 
942 |c BK  |2 ddc 
945 |d 20100531 00:00:00  |a dcastane 
952 |0 0  |1 0  |2 ddc  |4 0  |6 306_000000000000000_BOU_2010  |7 0  |8 A  |9 436536  |a BIBEDU  |b BIBEDU  |d 2019-11-22  |i 4680545  |o 306 BOU 2010  |p 4680545  |r 2019-11-22  |t 1  |w 2019-11-22  |y BK  |k PSI 
952 |0 0  |1 0  |2 ddc  |4 0  |6 306_000000000000000_BOU_2010  |7 0  |8 R  |9 436537  |a BIBGIM  |b BIBGIM  |d 2019-11-22  |i 4696980  |o 306 BOU 2010  |p 4696980  |r 2025-01-15  |t 4  |w 2019-11-22  |y BK_R  |k SSL 
952 |0 0  |1 0  |2 ddc  |4 0  |6 306_000000000000000_BOU_2010  |7 0  |8 A  |9 436538  |a BIBEDU  |b BIBEDU  |d 2019-11-22  |i 4698045  |o 306 BOU 2010  |p 4698045  |r 2019-11-22  |t 2  |w 2019-11-22  |y BK  |k PSI 
952 |0 0  |1 0  |2 ddc  |4 0  |6 306_000000000000000_BOU_2010  |7 0  |8 A  |9 436539  |a BIBEDU  |b BIBEDU  |d 2019-11-22  |i 4715705  |o 306 BOU 2010  |p 4715705  |r 2019-11-22  |t 3  |w 2019-11-22  |y BK  |k PSI